| 000 | 00920nas a2200253 i 4500 | ||
|---|---|---|---|
| 001 | 549 | ||
| 003 | ES-MaACL | ||
| 005 | 20250807062528.0 | ||
| 007 | t| | ||
| 008 | 950801d19441993xxk | | 1 ||ng d | ||
| 080 | _a410 | ||
| 245 | 0 | 0 |
_aBritish journal of industrial medicine / _ceditor Donald Hunter ... ; appointed by the British Medical Association and the Association of Industrial Medical Officers. |
| 260 |
_aLondon : _bBritish Medical Journal, _c1944-1993 ( _fWilliam Clowes and Sons) |
||
| 300 |
_a2 v. : _bgrab ; _c27 cm. |
||
| 310 | _aTrimestral | ||
| 362 | 0 | _aVol. 1, nº. 1 (Jan. 1944)-v. 50, nº. 12 (Dec. 1993) | |
| 650 | 1 | 7 |
_aMedicina _2embne _914891 |
| 700 | 1 |
_aHunter, Donald. _964746 |
|
| 710 | 2 |
_aBritish Medical Association (Londres) _92245 |
|
| 710 | 0 | 0 |
_aAssociation of Industrial Medical Officers ( _cLondres) _91829 |
| 852 |
_aES-MaACL _jHem-460 |
||
| 866 | 0 | _o1946-47. | |
| 999 |
_c549 _d549 |
||